000 02846cam a22004814i 4500
003 PE-LiUPU
005 20250731173335.0
008 150706s2009 pe r 000 0 spa d
035 _a(Sirsi) a47183
040 _aPE-LiUPU
_bspa
_cPE-LiUPU
_erda
049 _aPRUA
082 0 4 _a261.72
_bH82
_221
100 1 _aHuaco Palomino, Marco Antonio,
_eautor.
245 1 0 _aA Dios lo que es de Dios :
_bmanual para adventistas que desean promover el respeto de su libertad religiosa /
_cMarco Antonio Huaco Palomino.
264 1 _aLima :
_b[Representaciones Guerrero],
_c2009.
300 _a70 páginas ;
_c21 centímetros
336 _atext
_2rdacontent
337 _aunmediated
_2rdamedia
338 _avolume
_2rdacarrier
505 0 _aAcercándonos al tema -- ¿Qué es libertad religiosa? -- La libertad religiosa: ¿don o derecho? -- ¿Incluye el derecho a creer en el diablo? -- Aclarando términos, ¿es lo mismo libertad religiosa y libertad de culto? -- ¿Libertad religiosa y libertad de conciencia son sinónimos? -- ¿Libertad religiosa es igual a tolerancia religiosa? -- ¿Existe relación entre la libertad religiosa y Estado laico? -- ¿Es ir contra las previsiones proféticas el luchar por la libertad religiosa? -- Orientaciones prácticas para defender la libertad religiosa -- La situación de la juventud adventista y la responsabilidad de la iglesia -- Primero: ore, ore, ore -- No se dé por vencido(a) -- Busque un grupo de adventistas cercano -- Haga causa común con sus compañeros de estudios -- Dé buen testimonio estudiantil -- Horarios de clases y evaluaciones en sábado: diferentes cuestiones a considerar -- ¿Cómo explicar la objeción sabática a los docentes?, ¿qué es la acomodación razonable? -- Anticípese siendo creativo(a): lleve propuestas razonables -- Respondiendo objeciones infundadas.
526 _aSEG42
526 _aSEG41
526 _aSEG40
526 _aSEG39
526 _aP94
526 _aP87
526 _aP86
526 _aP85
526 _aP77
526 _aP76
526 _aP35
650 1 4 _aLibertad de religión
_xAspectos legales
_zPerú.
650 2 4 _aReligión y Estado
_zPerú.
910 _agl
942 _2ddc
_cBK
949 _a261.72 H82
_wDEWEY
_c1
_i59765
_lCCODEBUL1
_mBUL
_p04.00
_r0
_sY
_tLIBRO
_u2015-07-06
_xTEOLOGIA
_zUNKNOWN
_o.STAFF. Colección Teología
949 _a261.72 H82
_wDEWEY
_c2
_i59766
_lCCODEBUL1
_mBUL
_p04.00
_r0
_sY
_tLIBRO
_u2015-07-06
_xTEOLOGIA
_zUNKNOWN
_o.STAFF. Colección Teología
949 _a261.72 H82
_wDEWEY
_c3
_i61662
_lCCODEBUL1
_mBUL
_p04.00
_r0
_sY
_tLIBRO
_u2015-07-06
_xTEOLOGIA
_zUNKNOWN
_o.STAFF. Colección Teología
999 _c49299
_d49299
980 _81
_gALBERTO SANCHEZ Responsable de Automatización